000 00441nam a2200181Ia 4500
005 20250423095014.0
008 250422s9999 xx 000 0 und d
020 _a0- 205- 33935- 2
050 _aPE1408.R6775
100 _aLeonard J. Rosen
245 0 _aDecisions: a writer's handbook
250 _a2nd
260 _bLongman
260 _c2002
300 _a408 p
650 _aReport writing- handbooks, manuals, etc
942 _cBK
999 _c28948
_d28948